000
00487nam a2200169Ia 4500
008
090711s9999 xx 000 0 und d
082
_b
761
100
_a
शेवते अरुण
245
_a
संवाद
260
_b
मुळा एज्युकेशन सोसायटी
_c
1998
300
_a
495
600
_a
शेवते अरुण
630
_a
संवाद
700
_a
शेवते अरुण
730
_a
संवाद
942
_c
BOOK
999
_c
333495
_d
333495